Fundamentals of Information Technology (Record no. 112)

MARC details
000 -LEADER
fixed length control field 00389nam a22001577a 4500
005 - DATE AND TIME OF LATEST TRANSACTION
control field 20180131165828.0
008 - FIXED-LENGTH DATA ELEMENTS--GENERAL INFORMATION
fixed length control field 160427b xxu||||| |||| 00| 0 eng d
020 ## - INTERNATIONAL STANDARD BOOK NUMBER
ISBN 81-7446-200-7
041 ## - LANGUAGE CODE
Language code of text/sound track or separate title eng
082 ## - DEWEY DECIMAL CLASSIFICATION NUMBER
Item number 00347
Classification number 004
100 ## - MAIN ENTRY--AUTHOR NAME
Personal name Bharihoke, Deepak
245 ## - TITLE STATEMENT
Title Fundamentals of Information Technology
260 ## - PUBLICATION, DISTRIBUTION, ETC. (IMPRINT)
Place of publication New Delhi
Name of publisher Excel Books,
Year of publication 2002
300 ## - PHYSICAL DESCRIPTION
Number of Pages 650
942 ## - ADDED ENTRY ELEMENTS (KOHA)
Koha item type Books
Holdings
Lost status Damaged status Collection code Home library Current library Shelving location Date acquired Source of acquisition Cost, normal purchase price Full call number Accession Number Koha item type
    CS/IT JRU Library JRU Library SHELF-48-E 27/04/2016 PURCHASE 275.00 004 00347 Books
    CS/IT JRU Library JRU Library SHELF-48-E 27/04/2016 PURCHASE 275.00 004 00348 Books